Loading...
Beliefs | 1 | 8 | 0 | 0 | 95 | 64 | 110.11 | 1 | 3 |
Literature - British Literature | 2 | 4 | 0 | 1 | 70 | 42 | 104.00 | 1 | 2 |
Literature - World Literature | 1 | 6 | 1 | 1 | 70 | 64 | 108.00 | 1 | 3 |
History - World History | 0 | 6 | 1 | 0 | 55 | 67 | 87.33 | 0 | 3 |
Fine Arts - Other Arts | 0 | 5 | 0 | 0 | 50 | 82 | 113.60 | 0 | 3 |
Literature - European Literature | 1 | 4 | 1 | 1 | 50 | 46 | 98.60 | 1 | 3 |
Visual Arts | 1 | 4 | 2 | 2 | 45 | 66 | 108.00 | 1 | 2 |
History - American History | 1 | 3 | 1 | 0 | 40 | 46 | 77.75 | 1 | 4 |
History - Other History | 0 | 4 | 0 | 0 | 40 | 70 | 94.25 | 0 | 2 |
Literature - American Literature | 0 | 4 | 1 | 2 | 35 | 65 | 118.25 | 0 | 2 |
History - Ancient History | 0 | 4 | 1 | 1 | 35 | 108 | 115.25 | 0 | 2 |
History - European History | 0 | 4 | 1 | 0 | 35 | 63 | 75.75 | 0 | 4 |
Geography | 0 | 2 | 0 | 0 | 20 | 79 | 91.00 | 0 | 1 |
Auditory Arts | 0 | 1 | 0 | 0 | 10 | 110 | 110.00 | 0 | 0 |
Other Academic | 0 | 1 | 0 | 0 | 10 | 94 | 94.00 | 0 | 0 |
Philosophy | 0 | 1 | 0 | 1 | 10 | 123 | 123.00 | 0 | 1 |
Science - Biology | 0 | 1 | 1 | 0 | 5 | 123 | 123.00 | 0 | 0 |
Social Science | 0 | 1 | 1 | 0 | 5 | 91 | 91.00 | 0 | 0 |